Life in the water / (Record no. 32697)

MARC details
000 -LEADER
fixed length control field 02526nam a22003617a 4500
005 - DATE AND TIME OF LATEST TRANSACTION
control field 20091214094728.0
008 - FIXED-LENGTH DATA ELEMENTS--GENERAL INFORMATION
fixed length control field 091214t xxu||||| |||| 00| 0 eng d
010 ## - LCCN (DPL NO)
LC control number B-380129-139
020 ## - INTERNATIONAL STANDARD BOOK NUMBER
International Standard Book Number 9788184510263
Terms of availability 200.00
035 ## - SYSTEM CONTROL NUMBER
System control number B-380129-139
037 ## - SOURCE OF ACQUISITION
Source of stock number/acquisition UBH
040 ## - CATALOGING SOURCE
Original cataloging agency dpl
Language of cataloging English
082 ## - DEWEY DECIMAL CLASSIFICATION NUMBER
Classification number 503
245 ## - TITLE STATEMENT
Title Life in the water /
Statement of responsibility, etc compiled by Ruchi Batra
260 ## - PUBLICATION, DISTRIBUTION, ETC. (IMPRINT)
Place of publication, distribution, etc New Delhi
Name of publisher, distributor, etc Dreamland Publications
Date of publication, distribution, etc 2008
270 ## - ADDRESS
Address J-128, Kirti Nagar,
City New Delhi
Postal code 110015
300 ## - PHYSICAL DESCRIPTION
Extent 80p.:
Other physical details col. ill.
Dimensions 28cm(Hb)
490 ## - SERIES STATEMENT
Series statement Kid's first library of knowledge ; book-4
700 ## - ADDED ENTRY--PERSONAL NAME
Personal name Batra, Ruchi
942 ## - ADDED ENTRY ELEMENTS (KOHA)
Source of classification or shelving scheme Dewey Decimal Classification
Item type Children Books
Call number suffix LIF
Classification part 503
Holdings
Withdrawn status Lost status Source of classification or shelving scheme Damaged status Not for loan Collection code Home library Current library Date acquired Source of acquisition Cost, normal purchase price Total Checkouts Full call number Barcode Date last seen Copy number Cost, replacement price Koha item type Public note
    Dewey Decimal Classification     Non-fiction Bagh Kadhe Khan Bagh Kadhe Khan 25/05/2010 UBH /252/3.3.10/172/27.1.10/3.3.10 200.00   503 LIF B-380135 25/05/2010 1 200.00 Children Books  
    Dewey Decimal Classification     Non-fiction Bawana Bawana 25/05/2010 UBH /252/3.3.10/172/27.1.10/3.3.10 200.00 1 503 LIF B-380137 17/05/2022 1 200.00 Children Books  
    Dewey Decimal Classification     Non-fiction Central Library Central Library 25/05/2010 UBH /252/3.3.10/172/27.1.10/3.3.10 200.00   503 LIF B-380129 25/05/2010 1 200.00 Children Books  
    Dewey Decimal Classification     Non-fiction Janak Puri Janak Puri 25/05/2010 UBH /252/3.3.10/172/27.1.10/3.3.10 200.00 10 503 LIF B-380131 04/12/2021 1 200.00 Children Books  
    Dewey Decimal Classification     Non-fiction Karol Bagh Karol Bagh 25/05/2010 UBH /252/3.3.10/172/27.1.10/3.3.10 200.00   503 LIF B-380134 25/05/2010 1 200.00 Children Books  
Written off   Dewey Decimal Classification     Non-fiction Narela Narela 25/05/2010 UBH /252/3.3.10/172/27.1.10/3.3.10 200.00   503 LIF B-380136 25/05/2010 1 200.00 Children Books Written off on approval by DLB (By Circulation); dtd 20.12.2022
    Dewey Decimal Classification     Non-fiction Patel Nagar Patel Nagar 25/05/2010 UBH /252/3.3.10/172/27.1.10/3.3.10 200.00   503 LIF B-380130 25/05/2010 1 200.00 Children Books  
    Dewey Decimal Classification     Non-fiction R.C.Libraries (BL-IV) R.C.Libraries (BL-IV) 25/05/2010 UBH /252/3.3.10/172/27.1.10/3.3.10 200.00   503 LIF B-380139 25/05/2010 1 200.00 Children Books  
    Dewey Decimal Classification     Non-fiction Sarojini Nagar Sarojini Nagar 25/05/2010 UBH /252/3.3.10/172/27.1.10/3.3.10 200.00 1 503 LIF B-380132 05/12/2019 1 200.00 Children Books  
    Dewey Decimal Classification     Non-fiction Shahdara Branch Shahdara Branch 25/05/2010 UBH /252/3.3.10/172/27.1.10/3.3.10 200.00   503 LIF B-380138 25/05/2010 1 200.00 Children Books  
    Dewey Decimal Classification     Non-fiction Vinoba Puri Vinoba Puri 25/05/2010 UBH /252/3.3.10/172/27.1.10/3.3.10 200.00 15 503 LIF B-380133 16/11/2016 1 200.00 Children Books  

© Delhi Public Library
Hit Counter
free hit counter